LEADER 00910nam a2200229 u 4500 001 000000054209 003 CaOOAMICUS 005 20070226115640.0 008 001201s1975 it u000 u ita u 035 $a10862992 040 $aPUL(R)$bita 100 1 $aPoletti, Vincenzo.$0(OLS)http://pul/name/38133 245 10$aAnselmo d'Aosta :$bfilosofo mistico /$cVincenzo Poletti. 260 $aFaenza :$bF.lli Lega,$c1975. 300 $a169 p. ;$c26 cm 504 $aBibliografia: p. 159-166. 600 04$aAnselmus,$cs., arciv. di Canterbury,$d1033-1109.$0(OLS)http://pul/subject/1663 850 $aPUL 852 $aPUL$W1$xDP1 Fondo Giannini$y60$m1557 B 13$j71441$nBK-PRI$b $qFondi$B71441$CPULBib$Z2$F71441 $H $81 941 1 $a1 996 $6245$aAnselmo d'Aosta :$bfilosofo mistico$9(OLS)http://pul/title/72715 996 $6260$aFaenza :$bF.lli Lega$9(OLS)http://pul/publisher/50340 LEADER 01208nam a2200313 u 4500 001 000000082108 003 CaOOAMICUS 005 20070226123828.0 008 050406s2001 it u000 u ita u 020 $a8883582802 035 $a11038099 040 $aPUL$bita 041 1 $aita$hspa 100 1 $aOrtega y Gasset, José,$d1883-1955.$0(OLS)http://pul/name/1953 240 10$aHombre y la gente.$lItaliano.$0(OLS)http://pul/title/107336 245 12$aL'uomo e la gente /$cdi José Ortega y Gasset. 250 $aNuova ed. 260 $aRoma :$bArmando,$c2001. 300 $a239 p. ;$c22 cm 490 1 $aModernità e società 504 $aInclude riferimenti bibliografici. 650 4$aIndividuo e società.$0(OLS)http://pul/subject/9277 830 0$aModernità e società.$0(OLS)http://pul/title/97769 850 $aPUL 852 $aPUL$W1$xSL Diritto e Scienze Sociali 3$y79$m301. 1 ORTJO 1$j104673$nBK-PRI$qDDC 21$B104673$CPULBib$Z2$F104673 $HPUL97741 $82 941 1 $a9 996 $6020$a8883582802$9(OLS)http://pul/number/108790 996 $6245$aL'uomo e la gente$9(OLS)http://pul/title/107337 996 $6260$aRoma :$bArmando$9(OLS)http://pul/publisher/55055